000
00206nam a22000977a 4500
999
_c
16124
_d
16124
003
OSt
008
191107b ||||| |||| 00| 0 eng d
100
_a
Kesavdev,P.
_9
4298
245
_a
Branthalayam
942
_c
BK